000 00622cam a2200217 4500500
005 20260329004829.0
041 _afre
042 _adc
100 1 0 _aLacroix, Alexandre
_eauthor
245 0 0 _aL’énergie paradoxale de la fatigue
260 _c2021.
500 _a80
690 _aAlexandre Lacroix
690 _aCorps
690 _aDeleuze
690 _aÉnervement
690 _aFatigue
690 _aSommeil
786 0 _nPhilosophie magazine | 150 | 6 | 2021-06-01 | p. 1-2 | 1951-1787
856 4 1 _uhttps://shs.cairn.info/magazine-philosophie-magazine-2021-6-page-1?lang=fr&redirect-ssocas=7080
999 _c1837727
_d1837727